[Event "III Festival Isola Verde A"]
[Site "Ischia ITA"]
[Date "2011.08.02"]
[Round "8"]
[White "Panarello, Giuseppe"]
[Black "Dazj, Andrea"]
[Result "1-0"]
[WhiteElo "1990"]
[BlackElo "1875"]
[PlyCount "93"]
[EventDate "2011.07.26"]

1. d4 Nf6 2. Nf3 g6 3. c4 Bg7 4. Nc3 d6 5. e4 O-O 6. Be2 Nbd7 7. O-O e5 8. d5
Nc5 9. Qc2 a5 10. Ne1 Nfd7 11. f3 f5 12. b3 f4 13. Bd2 Qf6 14. Nd3 g5 15. g4
Qg6 16. Nf2 Nf6 17. a3 Na6 18. Nb5 b6 19. Kg2 Bd7 20. Rh1 Kf7 21. b4 axb4 22.
axb4 Rh8 23. Qb3 h5 24. h3 hxg4 25. hxg4 Rxh1 26. Rxh1 Bxb5 27. cxb5 Nb8 28.
Qc3 Ne8 29. Ra1 Rxa1 30. Qxa1 Qh6 31. Qa8 Nd7 32. Qc8 Ke7 33. Nd3 Qf6 34. Be1
Qf7 35. Bf2 Bf6 36. Nc1 Kf8 37. Nb3 Qe7 38. Qa8 Qd8 39. Qa1 Qe7 40. Na5 Qd8 41.
Nc6 Qc8 42. Qa6 Qb8 43. Nxb8 Nxb8 44. Qc8 Ke7 45. Qxb8 Kd7 46. Qb7 Bd8 47. Bxb6
1-0

[Event "III Festival Isola Verde A"]
[Site "Ischia ITA"]
[Date "2011.08.02"]
[Round "8"]
[White "Taglialatela, Massimiliano"]
[Black "Magaldi, Giuseppe"]
[Result "1-0"]
[WhiteElo "2026"]
[BlackElo "1452"]
[PlyCount "35"]
[EventDate "2011.07.26"]

1. e4 e5 2. Nf3 Nc6 3. Bb5 d6 4. O-O Be6 5. c3 f6 6. d4 a6 7. Ba4 Nge7 8. d5 b5
9. Bb3 Bg4 10. dxc6 Nxc6 11. h3 Bxf3 12. Qxf3 b4 13. Ba4 Be7 14. Bxc6+ Kf8 15.
Qf5 g6 16. Qe6 Rb8 17. Bd5 Kg7 18. Qf7# 1-0

[Event "III Festival Isola Verde A"]
[Site "Ischia ITA"]
[Date "2011.08.02"]
[Round "8"]
[White "Zakurdjaeva, Irina"]
[Black "Naumkin, Igor"]
[Result "0-1"]
[WhiteElo "2268"]
[BlackElo "2486"]
[PlyCount "68"]
[EventDate "2011.07.26"]

1. e4 e6 2. d4 d5 3. Nc3 Bb4 4. e5 Ne7 5. a3 Bxc3+ 6. bxc3 b6 7. Qg4 Ng6 8. h4
h5 9. Qg3 Ba6 10. Bxa6 Nxa6 11. Qd3 Nb8 12. Nf3 Nc6 13. Bg5 Qd7 14. O-O Na5 15.
Rfb1 Ne7 16. a4 Nf5 17. Nd2 O-O 18. g3 f6 19. Bf4 Qf7 20. exf6 gxf6 21. c4 Rad8
22. cxd5 Rxd5 23. c3 Re8 24. Nf3 Qg6 25. c4 Rd7 26. Qc3 Qg4 27. Ra3 Red8 28. d5
e5 29. Bxe5 Nxc4 30. Rb4 Nfe3 31. Bf4 Qxf3 32. fxe3 Rxd5 33. Qxc4 Kh8 34. Qxd5
Rxd5 0-1

[Event "III Festival Isola Verde A"]
[Site "Ischia ITA"]
[Date "2011.08.03"]
[Round "9"]
[White "Dazj, Andrea"]
[Black "Calabrese, Claudio"]
[Result "0-1"]
[WhiteElo "1875"]
[BlackElo "1942"]
[PlyCount "60"]
[EventDate "2011.07.26"]

1. d4 d6 2. e4 Nf6 3. Nd2 g6 4. Ngf3 Bg7 5. Bc4 c6 6. O-O O-O 7. Bb3 Na6 8. c3
Nc7 9. Re1 Be6 10. Bc2 h6 11. Nf1 b5 12. h3 Rb8 13. Be3 a5 14. Qd2 Kh7 15. Ng3
b4 16. e5 bxc3 17. bxc3 Nfd5 18. h4 Nxe3 19. Qxe3 Nd5 20. Qd2 Qd7 21. h5 Bf5
22. Nxf5 gxf5 23. exd6 e6 24. g4 Rg8 25. Kh1 Qxd6 26. gxf5 Kh8 27. Ne5 Qe7 28.
fxe6 Qh4+ 29. Kg1 Bxe5+ 30. Kf1 Nf4 0-1

[Event "III Festival Isola Verde A"]
[Site "Ischia ITA"]
[Date "2011.08.03"]
[Round "9"]
[White "Diotallevi, Maurizio"]
[Black "Zakurdjaeva, Irina"]
[Result "1/2-1/2"]
[WhiteElo "2049"]
[BlackElo "2268"]
[PlyCount "93"]
[EventDate "2011.07.26"]

1. d4 Nf6 2. Bg5 Ne4 3. Bf4 c5 4. f3 Qa5+ 5. c3 Nf6 6. Nd2 cxd4 7. Nb3 Qd8 8.
cxd4 d5 9. e3 e6 10. Bd3 Bb4+ 11. Kf2 Nc6 12. Ne2 O-O 13. a3 Be7 14. Rc1 Re8
15. Re1 Nh5 16. Bg3 Nxg3 17. hxg3 e5 18. dxe5 Nxe5 19. Nbd4 a6 20. Nf4 Bg5 21.
Rh1 g6 22. Qb3 h5 23. Be2 h4 24. gxh4 Bxh4+ 25. g3 Bg5 26. Nc2 Bf5 27. Nd4 Qd7
28. g4 Nc4 29. Bxc4 dxc4 30. Qxc4 Rac8 31. Qb4 Rxc1 32. Rxc1 Bh4+ 33. Ke2 Bxg4
34. fxg4 Qxg4+ 35. Nf3 Bg5 36. Kf2 Bh4+ 37. Nxh4 Qxh4+ 38. Kf3 g5 39. Rg1 Kh7
40. Ng2 Qh3+ 41. Kf2 Re6 42. Qe1 Qf5+ 43. Ke2 Qb5+ 44. Kf3 Rf6+ 45. Nf4 gxf4
46. exf4 Qh5+ 47. Rg4 1/2-1/2

[Event "III Festival Isola Verde A"]
[Site "Ischia ITA"]
[Date "2011.08.03"]
[Round "9"]
[White "Gamback, Bjorn"]
[Black "Meijers, Viesturs"]
[Result "0-1"]
[WhiteElo "2172"]
[BlackElo "2492"]
[PlyCount "98"]
[EventDate "2011.07.26"]

1. e4 c5 2. c3 d5 3. exd5 Qxd5 4. d4 Nf6 5. Nf3 e6 6. Be2 Nc6 7. O-O Be7 8. c4
Qd8 9. dxc5 Qxd1 10. Rxd1 Bxc5 11. Nc3 O-O 12. a3 a5 13. Bf4 Bd7 14. Bd6 Bxd6
15. Rxd6 Rfd8 16. Rad1 Kf8 17. Ng5 Ke7 18. Nge4 Nxe4 19. Nxe4 Be8 20. f4 a4 21.
Kf2 Rdc8 22. Ke3 Na5 23. R6d4 Nb3 24. Rd6 Bc6 25. g4 Rc7 26. Nc3 Rd7 27. Rxd7+
Bxd7 28. Bf3 Na5 29. Rd4 Rc8 30. Be2 f6 31. h3 h6 32. h4 Be8 33. g5 hxg5 34.
hxg5 f5 35. Nb5 Nb3 36. Rd1 Bxb5 37. cxb5 b6 38. Bd3 Rh8 39. Be2 Rh2 40. Kf3
Nc5 41. Rd4 Rh3+ 42. Kg2 Re3 43. Rd2 e5 44. fxe5 Ke6 45. Kf2 f4 46. Bf3 Kxe5
47. Bc6 Kf5 48. Kf1 Kxg5 49. Rg2+ Kf6 0-1

[Event "III Festival Isola Verde A"]
[Site "Ischia ITA"]
[Date "2011.08.03"]
[Round "9"]
[White "Gregori, Giacomo"]
[Black "Andreoli, Mark"]
[Result "0-1"]
[WhiteElo "2005"]
[BlackElo "1991"]
[PlyCount "76"]
[EventDate "2011.07.26"]

1. d4 c5 2. d5 f5 3. c4 Nf6 4. Nc3 g6 5. g3 Bg7 6. Bg2 d6 7. Nf3 O-O 8. O-O
Nbd7 9. Rb1 Ng4 10. Bf4 Nde5 11. Nd2 h6 12. h3 g5 13. Bxe5 Nxe5 14. f4 gxf4 15.
gxf4 Ng6 16. Qe1 Kh7 17. e3 Bf6 18. Nf3 e6 19. dxe6 Bxe6 20. Nd5 Bxd5 21. cxd5
Qe7 22. Qd2 Rae8 23. Rfe1 Rg8 24. Kh1 Bh4 25. Re2 Bg3 26. Rbe1 Bxe1 27. Rxe1
Nh4 28. Nxh4 Qxh4 29. Rg1 Rg3 30. Qc2 Qh5 31. e4 Rxh3+ 32. Bxh3 Qxh3+ 33. Qh2
Qxh2+ 34. Kxh2 Rxe4 35. Rg2 Rxf4 36. Re2 Re4 37. Rg2 Rh4+ 38. Kg1 Rg4 0-1

[Event "III Festival Isola Verde A"]
[Site "Ischia ITA"]
[Date "2011.08.03"]
[Round "9"]
[White "Lyons, Brendan"]
[Black "Soldatov, Ilja"]
[Result "1/2-1/2"]
[WhiteElo "1966"]
[BlackElo "2158"]
[PlyCount "117"]
[EventDate "2011.07.26"]

1. e4 g6 2. Nf3 Bg7 3. d3 e5 4. g3 Ne7 5. Bg2 O-O 6. O-O d5 7. exd5 Nxd5 8. Re1
Nc6 9. Bg5 f6 10. Bd2 Re8 11. Nc3 Be6 12. Ne4 Bf7 13. Nc5 b6 14. Ne4 Qd7 15. a3
a5 16. h4 Rad8 17. Nh2 Be6 18. Nc3 Nce7 19. Ne4 c5 20. h5 Nc6 21. hxg6 hxg6 22.
Nc3 Nd4 23. Ne2 Nf5 24. Nc3 Qf7 25. Nxd5 Bxd5 26. Bxd5 Qxd5 27. Qf3 c4 28. Qg4
Qf7 29. Bc3 Nd4 30. Bxd4 Rxd4 31. Qe2 cxd3 32. cxd3 Qd5 33. Rad1 Rd8 34. Ng4
Rxd3 35. Ne3 Qd7 36. Rxd3 Qxd3 37. Qxd3 Rxd3 38. Nc4 Rb3 39. Re3 Rb5 40. Rd3 f5
41. Rd6 Kf7 42. Rxb6 Rxb6 43. Nxb6 e4 44. b4 axb4 45. axb4 Bd4 46. Nc4 Ke6 47.
Kf1 Kd5 48. Na3 Bb2 49. Nc2 Bc1 50. Ke2 Kc4 51. Ne3+ Kd4 52. b5 Kc5 53. b6 Kc6
54. Nd5 Bg5 55. f3 exf3+ 56. Kxf3 Bd8 57. Nf4 g5 58. Ne6 Bf6 59. g4 1/2-1/2

[Event "III Festival Isola Verde A"]
[Site "Ischia ITA"]
[Date "2011.08.03"]
[Round "9"]
[White "Melnikova, Yana"]
[Black "Panarello, Giuseppe"]
[Result "1-0"]
[WhiteElo "2236"]
[BlackElo "1990"]
[PlyCount "57"]
[EventDate "2011.07.26"]

1. e4 d6 2. d4 g6 3. Nc3 Bg7 4. Be3 Nf6 5. f3 O-O 6. Qd2 b6 7. Bh6 c5 8. d5 a6
9. h4 b5 10. h5 b4 11. Nce2 a5 12. hxg6 fxg6 13. Bxg7 Kxg7 14. Qh6+ Kf7 15. Nh3
Bxh3 16. Rxh3 Na6 17. Nf4 Nc7 18. g4 Rh8 19. g5 Ng8 20. Qh4 h5 21. gxh6 e5 22.
dxe6+ Nxe6 23. Bc4 Qxh4+ 24. Rxh4 g5 25. Bxe6+ Kf6 26. Bd5 gxh4 27. Bxa8 Nxh6
28. Bd5 Rf8 29. Ke2 1-0

[Event "III Festival Isola Verde A"]
[Site "Ischia ITA"]
[Date "2011.08.03"]
[Round "9"]
[White "Mirzoev, Azer"]
[Black "Dervishi, Erald"]
[Result "1-0"]
[WhiteElo "2415"]
[BlackElo "2543"]
[PlyCount "77"]
[EventDate "2011.07.26"]

1. d4 Nf6 2. Nf3 d5 3. c4 e6 4. Nc3 Be7 5. Bf4 O-O 6. e3 a6 7. cxd5 exd5 8. Bd3
Nbd7 9. O-O Re8 10. Qc2 Nf8 11. h3 c6 12. Rab1 Ng6 13. Bh2 Bd6 14. Bxd6 Qxd6
15. b4 b5 16. Rfc1 Bd7 17. a4 Re7 18. Bf5 Bxf5 19. Qxf5 h6 20. Qc2 Re6 21. Rb2
Nd7 22. Ra1 Nb6 23. axb5 cxb5 24. Qb3 Qd7 25. Rba2 Nc4 26. Ne2 Rf6 27. Nh2 Nh4
28. Nf4 Qf5 29. Qd1 Qe4 30. Qf1 a5 31. Ng4 Rfa6 32. bxa5 b4 33. Rb1 h5 34. Nxh5
Nxg2 35. Ng3 Qh7 36. Kxg2 f5 37. Ne5 Nxe5 38. dxe5 Rh6 39. Qd3 1-0

[Event "III Festival Isola Verde A"]
[Site "Ischia ITA"]
[Date "2011.08.03"]
[Round "9"]
[White "Taglialatela, Massimiliano"]
[Black "Iudicello, Giovanni"]
[Result "0-1"]
[WhiteElo "2026"]
[BlackElo "2180"]
[PlyCount "80"]
[EventDate "2011.07.26"]

1. e4 e5 2. Nf3 Nc6 3. Bb5 a6 4. Ba4 Nf6 5. O-O Be7 6. Re1 b5 7. Bb3 d6 8. c3
O-O 9. h3 Na5 10. Bc2 c5 11. d4 Qc7 12. Nbd2 cxd4 13. cxd4 Nc6 14. d5 Nb4 15.
Bb1 a5 16. a3 Na6 17. Nf1 Bd7 18. Bg5 h6 19. Be3 a4 20. Ng3 Nc5 21. Bc2 Rfc8
22. Rc1 Qd8 23. Nd2 Ne8 24. Nf5 Bxf5 25. exf5 Bg5 26. Bxg5 Qxg5 27. Qe2 Rab8
28. Nf3 Qd8 29. Red1 Nf6 30. Bb1 b4 31. Qe3 bxa3 32. Qxa3 Rb3 33. Qa2 Qb6 34.
Rd2 Rb8 35. Kf1 Rxb2 36. Rxb2 Qxb2 37. Qxb2 Rxb2 38. Rd1 a3 39. Ne1 a2 40. Bxa2
Rxa2 0-1